UM Logo

Practice development in community nursing: (Record no. 2816)

MARC details
000 -LEADER
fixed length control field 00677nam a22001937a 4500
008 - FIXED-LENGTH DATA ELEMENTS--GENERAL INFORMATION
fixed length control field 160527b xxu||||| |||| 00| 0 eng d
020 ## - INTERNATIONAL STANDARD BOOK NUMBER
International Standard Book Number 0340759135
082 ## - DEWEY DECIMAL CLASSIFICATION NUMBER
Edition number 2003
Classification number DC 610.73599
Item number P88
245 ## - TITLE STATEMENT
Title Practice development in community nursing:
Remainder of title principles and processes/
Statement of responsibility, etc. edited by Rosamund M. Bryar and Jane M. Griffiths.
260 ## - PUBLICATION, DISTRIBUTION, ETC. (IMPRINT)
Place of publication, distribution, etc. London:
Name of publisher, distributor, etc. Arnold Publishers,
Date of publication, distribution, etc. c2003.
300 ## - PHYSICAL DESCRIPTION
Extent xii, 256 pages:
Other physical details illustrations;
Dimensions 23 cm.
500 ## - GENERAL NOTE
General note Includes index.
650 #0 - SUBJECT ADDED ENTRY--TOPICAL TERM
9 (RLIN) 9338
Topical term or geographic name as entry element Nursing
650 #0 - SUBJECT ADDED ENTRY--TOPICAL TERM
9 (RLIN) 9339
Topical term or geographic name as entry element Nursing Process
700 ## - ADDED ENTRY--PERSONAL NAME
9 (RLIN) 9342
Personal name Bryar, Rosamund M.
Relator term Editor
700 ## - ADDED ENTRY--PERSONAL NAME
9 (RLIN) 9344
Personal name Griffiths, Jane M.
Relator term Editor
365 ## - TRADE PRICE
Price amount 1, 598.00
Currency code Php
942 ## - ADDED ENTRY ELEMENTS (KOHA)
Source of classification or shelving scheme Dewey Decimal Classification
Koha item type Circulation
Holdings
Withdrawn status Lost status Source of classification or shelving scheme Damaged status Not for loan Collection code Home library Current library Date acquired Source of acquisition Total Checkouts Full call number Barcode Date last seen Price effective from Koha item type
    Dewey Decimal Classification     Circulation UM Digos College - LIC UM Digos College - LIC 09/26/2005 Purchased   DC 610.73599 P88 2003 18300 05/15/2025 05/27/2016 Circulation